[Event "Oslo ASKO Pinseturnering-A"]
[Site "Oslo"]
[Date "2009.05.30"]
[Round "4"]
[White "Baasto, Espen Peder"]
[Black "Kjoita, Henning Jakhelln"]
[Result "1-0"]
[WhiteElo "1755"]
[BlackElo "1569"]
[PlyCount "103"]
[EventDate "2009.05.30"]
[EventType "swiss"]
[EventRounds "6"]
[EventCountry "NOR"]
[SourceTitle "EXT 2011"]
[Source "ChessBase"]
[SourceDate "2010.11.26"]
[SourceVersion "1"]
[SourceVersionDate "2010.11.26"]
[SourceQuality "1"]

1. e4 c5 2. Nf3 Nc6 3. d4 cxd4 4. Nxd4 g6 5. c4 Bg7 6. Nc2 d6 7. Be2 Nf6 8. Nc3 0-0 9. Be3 Ne5 10. f3 Be6 11. b3 Nc6 12. Qd2 Qa5 13. Nd4 Nd7 14. 0-0 Nb6 15. Rfd1 Rfd8 16. Rac1 Nxd4 17. Bxd4 Bxd4+ 18. Qxd4 Qc5 19. Qxc5 dxc5 20. Nd5 Bxd5 21. cxd5 Rac8 22. Kf2 f6 23. Rd3 c4 24. bxc4 Rxc4 25. Rxc4 Nxc4 26. Rc3 Nd6 27. Ke3 Rc8 28. Rxc8+ Nxc8 29. Kd4 b6 30. f4 Kf8 31. e5 Ke8 32. Ba6 Kd7 33. g3 g5 34. fxg5 fxe5+ 35. Kxe5 Nd6 36. Bd3 Nf7+ 37. Kf4 e5+ 38. dxe6+ Kxe6 39. Bxh7 Nd6 40. h4 b5 41. h5 b4 42. h6 Ne8 43. Bg8+ Ke7 44. h7 a5 45. h8Q a4 46. Qe5+ Kd8 47. Qd4+ Ke7 48. Qxb4+ Kd8 49. Qxa4 Nc7 50. g6 Ke7 51. Qe4+ Kd8 52. Bf7 1-0

[Event "Oslo ASKO Pinseturnering-A"]
[Site "Oslo"]
[Date "2009.05.30"]
[Round "3"]
[White "Botheim, Tor"]
[Black "Baasto, Espen Peder"]
[Result "1/2-1/2"]
[WhiteElo "1727"]
[BlackElo "1755"]
[PlyCount "45"]
[EventDate "2009.05.30"]
[EventType "swiss"]
[EventRounds "6"]
[EventCountry "NOR"]
[SourceTitle "EXT 2011"]
[Source "ChessBase"]
[SourceDate "2010.11.26"]
[SourceVersion "1"]
[SourceVersionDate "2010.11.26"]
[SourceQuality "1"]

1. e4 e5 2. Nf3 d6 3. d4 Nf6 4. dxe5 Nxe4 5. Bc4 Nc5 6. 0-0 Be6 7. Bxe6 Nxe6 8. Re1 Nc6 9. exd6 Bxd6 10. Nbd2 0-0 11. Ne4 Bf4 12. Bxf4 Nxf4 13. Qxd8 Raxd8 14. g3 Ne6 15. c3 h6 16. Kg2 Rfe8 17. h4 Rd3 18. Nc5 Rd5 19. Nxe6 Rxe6 20. Rxe6 fxe6 21. Re1 Kf7 22. Re4 Kf6 23. Re2 1/2-1/2